Premiers of British Columbia by Picture - Statistics

General Stats
  • This quiz has been taken 2 times
  • The average score is 9 of 36
Answer Stats
Picture Hint Answer % Correct
1975-1986 Bill Bennett
100%
2011-2017 Christy Clark
100%
2022-Present David Eby
100%
1996-1999 Glen Clark
100%
2001-2011 Gordon Campbell
100%
2017-2022 John Horgan
100%
1952-1972 W. A. C. Bennett
100%
1872-1874 Amor De Cosmos
50%
1986-1991 Bill Vander Zalm
50%
1991-1996 Mike Harcourt
50%
2000-2001 Ujjal Dosanjh
50%
1887-1889 Alexander Edmund Batson Davie
0%
1876-1878 Andrew Charles Elliott
0%
1947-1952 Boss Johnson
0%
1898-1900 Charles Augustus Semlin
0%
1999-2000 Dan Miller
0%
1972-1975 Dave Barrett
0%
1933-1941 Duff Pattullo
0%
1902-1903 Edward Gawler Prior
0%
1874-1876 | 1878-1882 George Anthony Walkem
0%
1916-1918 Harlan Carey Brewster
0%
1900-1902 James Dunsmuir
0%
1927-1928 John Duncan MacLean
0%
1871-1872 John Foster McCreight
0%
1941-1947 John Hart
0%
1895-1898 John Herbert Turner
0%
1918-1927 John Oliver
0%
1889-1892 John Robson
0%
1900 Joseph Martin
0%
1903-1915 Richard McBride
0%
1991 Rita Johnston
0%
1882-1883 Robert Beaven
0%
1928-1933 Simon Fraser Tolmie
0%
1892-1895 Theodore Davie
0%
1915-1916 William John Bowser
0%
1883-1887 William Smithe
0%
No matching quizzes found
Score Distribution
Percent of People with Each Score
Percentile by Number Answered
Your Score History
You have not taken this quiz